00698 2200277 4500001002100000005001500021035002000036007000300056008004100059020002200100040001200122082001400134084001400148090001800162090002100180245004400201250002000245260003600265300002500301650001800326700001400344850001200358041000800370999002100378990002100399INLIS00000000079443220191028033318 a0010-0818000316ta180810 ind  a978-602-453-896-5 aYOPDYOG04223a808.3 a808.3 KEC aDEP 808.3 KEC aCB-D.11 2018-5791 aKecilnya duniaku /cAmu Daria...[et.al] aCetakan pertama aYogyakarta :bDeepublish,c2018 ax, 281 halaman ;c20 4aCerita pendek0 aAmu Daria aYOPDYOG0 aind aCB-D.11/2018-579 aCB-D.11/2018-579